000 00634nam a22002297i 4500
003 URS
005 20220114153335.0
008 171012b xxu||||| |||| 00| 0 eng d
020 _a9710812920
040 _erda
_cURSP-College Library
_beng
050 _b591 S74 1977
100 1 _aStorer, Tracy I.
245 _aLaboratory Manual for Zoology
_cTracy I. Storer
264 1 _aNew York
_bMcGraw-Hill Book Company
_c1977.
300 _ax, 179pages
_c22cm.
336 _atext
_btxt
_2rdacontent
337 _aunmediated
_bn
_2rdamedia
338 _avolume
_bnc
_2rdacarrier
500 _aIncludes
650 0 _azoology.
942 _2lcc
_cF
999 _c8454
_d8454